000 01824cam a2200529Ia 4500
999 _c184
_d184
001 220154218
003 OCoLC
005 20190731092753.0
008 080405r20082006nyu d 000 f eng d
020 _a9780786851720 (pbk.)
020 _a0786851724 (pbk.)
035 _a(OCoLC)220154218
_z(OCoLC)182525922
040 _aMCF
_cMCF
_dIUI
_dBAKER
_dBTCTA
_dOCLCG
_dOCLCA
_dDSR
_dNYP
_dTnLvILS
043 _aa-np---
_aa-ii---
049 _aNYPP
082 1 4 _aFIC MCC
_222
091 _aFIC
100 1 _aMcCormick, Patricia,
_d1956-
_eauthor
245 1 0 _aSold /
_cPatricia McCormick.
250 _a1st Hyperion Paperbacks ed.
260 _aNew York :
_bHyperion Paperbacks,
_c2008, c2006.
300 _a263 p. ;
_c21 cm.
500 _aOriginally published in hardcover: New York : Hyperion, 2006.
520 _aThirteen-year-old Lakshmi leaves her poor mountain home in Nepal thinking that she is to work in the city as a maid only to find that she has been sold into the sex slave trade in India and that there is no hope of escape.
526 0 _aAccelerated Reader/Renaissance Learning
_bUG
_c5.0
_d5.
586 8 _aCalifornia Young Reader Medal for Young Adults, 2009.
650 0 _aTeenage girls
_zIndia
_vFiction.
650 0 _aHuman trafficking
_vFiction.
650 0 _aChild prostitution
_zIndia
_vFiction.
650 0 _aProstitution
_vFiction.
650 0 _aSlavery
_vFiction.
650 0 _aNovels in verse.
650 0 _aFamilies
_vFiction.
650 0 _aFriendship
_vFiction.
651 0 _aNepal
_vFiction.
651 0 _aIndia
_vFiction.
901 _aINGRAMD131015-18
901 _aINGRAMD131007-22
901 _aBTCLSD110405A
901 _aika
_bCD
901 _aMARS
908 0 4 _aPZ7.5.M43
942 _2ddc
_cFIC
945 _a.o1736873x
945 _a.o17251722
945 _a.o13578686